| 000 | 00521nam a2200193Ia 4500 | ||
|---|---|---|---|
| 003 | 0100 | ||
| 008 | 130303s9999 xx 000 0 und d | ||
| 040 | _cARRUPELIB | ||
| 050 | _aQ175.C35 1982 | ||
| 100 | _aChalmers, A.F | ||
| 245 | _aWhat is this thing called science? | ||
| 245 | _bAn Assessment of the nature and status of science and its methods | ||
| 260 | _aBurkingham, Milton Keynes | ||
| 260 | _bOpen UP | ||
| 260 | _C1982 | ||
| 300 | _a179p | ||
| 650 | _bBibleNT Epistles of Paul-Theology | ||
| 942 | 0 | 0 | _035 |
| 999 |
_c25417 _d25417 |
||